Normal view
MARC view
Entry Nombre personal
001 - NÚMERO DE CONTROL
- campo de control: 1027
003 - IDENTIFICADOR DE NÚMERO DE CONTROL
- campo de control: DLC
005 - FECHA Y HORA DE LA ÚLTIMA TRANSACCIÓN
- campo de control: 20260408081044.0
008 - ELEMENTOS DE DATO DE LONGITUD-FIJA
- campo de control de longitud fija: 101208n| acannaabn |n aaa c
010 ## - NÚMERO DE CONTROL DE LA BIBLIOTECA DEL CONGRESO
- Número de control de LC: no2010198646
035 ## - NÚMERO DE CONTROL DEL SISTEMA
- Número de control de sistema: (OCoLC)oca08708313
040 ## - FUENTE DE CATALOGACIÓN
- Centro catalogador/agencia de origen: FU
- Lengua de catalogación: eng
- Centro/agencia transcriptor: FU
- Centro/agencia modificador: DLC
100 1# - ENCABEZAMIENTO-NOMBRE DE PERSONA
- Nombre de persona: Sendra, Fernando,
- Fechas asociadas al nombre: 1949-
670 ## - FUENTE DE DATOS ENCONTRADOS
- Cita de la fuente: His La calle de las cuatro enaguas, c2009:
- Información encontrada: t.p. (Fernando Sendra) flap (Fernando Javier Sendra; b. Sepr. 8, 1949, Mar del Plata; humorist, novelist)